Complete works of Goswami Tulsidas / (Record no. 136574)
[ view plain ]
| 000 -LEADER | |
|---|---|
| fixed length control field | 00844nam a2200253 4500 |
| 003 - CONTROL NUMBER IDENTIFIER | |
| control field | dpl |
| 005 - DATE AND TIME OF LATEST TRANSACTION | |
| control field | 20170124110305.0 |
| 008 - FIXED-LENGTH DATA ELEMENTS--GENERAL INFORMATION | |
| fixed length control field | 161212b xxu||||| |||| 00| 0 eng d |
| 010 ## - LIBRARY OF CONGRESS CONTROL NUMBER | |
| LC control number | A-852811 |
| 035 ## - SYSTEM CONTROL NUMBER | |
| System control number | A-852811 |
| 037 ## - SOURCE OF ACQUISITION | |
| Source of stock number/acquisition | Cen Lib / Ret |
| 040 ## - CATALOGING SOURCE | |
| Original cataloging agency | DPL |
| Language of cataloging | EN |
| Transcribing agency | TIT |
| 082 ## - DEWEY DECIMAL CLASSIFICATION NUMBER | |
| Classification number | 881.08 |
| 100 ## - MAIN ENTRY--PERSONAL NAME | |
| Personal name | Goswami Tulsidas |
| 245 ## - TITLE STATEMENT | |
| Title | Complete works of Goswami Tulsidas / |
| Statement of responsibility, etc | by Goswami Tulsidas ; translated into English by S. P. Bahadur |
| 260 ## - PUBLICATION, DISTRIBUTION, ETC. (IMPRINT) | |
| Place of publication, distribution, etc | Varanasi |
| Name of publisher, distributor, etc | Munshiram Manoharlal Publishers |
| Date of publication, distribution, etc | 1997 |
| 270 ## - ADDRESS | |
| Address | 5715, 54 Rani Jhansi Road |
| City | New Delhi |
| Postal code | 110055 |
| 300 ## - PHYSICAL DESCRIPTION | |
| Extent | 4 v. ; (v 4. 140p) |
| Other physical details | 24cm(hb) |
| 505 ## - FORMATTED CONTENTS NOTE | |
| Formatted contents note | v 4. Dohavali |
| 650 ## - SUBJECT ADDED ENTRY--TOPICAL TERM | |
| Topical term or geographic name as entry element | Tulasīdasa, -- 1532-1623 -- Translations into English. |
| 650 ## - SUBJECT ADDED ENTRY--TOPICAL TERM | |
| Topical term or geographic name as entry element | Tulasīdāsa, -- 1532-1623 |
| 700 ## - ADDED ENTRY--PERSONAL NAME | |
| Personal name | Bahadur, S. P. |
| 942 ## - ADDED ENTRY ELEMENTS (KOHA) | |
| Source of classification or shelving scheme | Dewey Decimal Classification |
| Koha item type | English Books |
| Classification part | 881.08 |
| Call number suffix | TUL |
| Withdrawn status | Lost status | Source of classification or shelving scheme | Materials specified (bound volume or other part) | Damaged status | Not for loan | Home library | Current library | Date acquired | Source of acquisition | Total Checkouts | Full call number | Barcode | Date last seen | Price effective from | Koha item type |
|---|---|---|---|---|---|---|---|---|---|---|---|---|---|---|---|
| Dewey Decimal Classification | v 4 | Central Library | Central Library | 04/03/2016 | Cen Lib/Ret | 881.08 | A-852811 | 04/03/2016 | 04/03/2016 | English Books |
